Quantitative methods in economics multiple criteria decision making XII
Uložené v:
| Korporácia: | , , |
|---|---|
| Ďalší autori: | |
| Médium: | Kniha |
| Jazyk: | English |
| Vydavateľské údaje: |
Bratislava
IURA EDITION
2004
|
| Edícia: | Ekonómia
|
| Predmet: | |
| Tagy: |
Žiadne tagy, Buďte prvý, kto otaguje tento záznam!
|
MARC
| LEADER | 00000nam$a2200000$$$4500 | ||
|---|---|---|---|
| 001 | 0018571 | ||
| 005 | 20240502071406.6 | ||
| 020 | |a 80-8078-012-9 | ||
| 041 | 0 | |a eng | |
| 044 | |a SK | ||
| 245 | 1 | 0 | |a Quantitative methods in economics |b multiple criteria decision making XII |c technical editor Martin Lukáčik |
| 264 | 1 | |a Bratislava |b IURA EDITION |c 2004 | |
| 300 | |a 194 s. | ||
| 490 | 1 | |a Ekonómia | |
| 830 | 0 | |a Ekonómia | |
| 610 | 2 | 0 | |a výskum operačný |
| 610 | 2 | 0 | |a metódy ekonomicko-matematické |
| 610 | 2 | 0 | |a modely ekonometrické |
| 610 | 2 | 0 | |a modelovanie ekonometrické |
| 610 | 2 | 0 | |a metódy ekonometrické |
| 610 | 2 | 0 | |a optimalizácia |
| 610 | 2 | 0 | |a modely ekonomicko-matematické |
| 700 | 1 | |a Lukáčik, Martin, 1974- | |
| 110 | 2 | |a Quantitative methods in economics. International conference | |
| 710 | 2 | |a Fakulta hospodárskej informatiky EU. Katedra operačného výskumu a ekonometrie | |
| 710 | 2 | |a Slovenská spoločnosť pre operačný výskum | |